[Event "FICGS rapid M 000052 email"]
[Site "FICGS email"]
[Date "2012.03.22"]
[Round "1"]
[White "Flores, Luis"]
[Black "Cookson, Timothy"]
[Result "1/2-1/2"]
[WhiteElo "2120"]
[BlackElo "2148"]
[PlyCount "78"]
[EventDate "2012.??.??"]
[EventType "tourn (rapid)"]
[EventRounds "6"]
[SourceTitle "Corr 2022"]
[Source "ChessBase"]
[SourceDate "2021.10.24"]
[SourceVersion "1"]
[SourceVersionDate "2021.10.24"]
[SourceQuality "1"]

1. d4 d5 2. Nf3 Nf6 3. Bf4 c5 4. e3 Nc6 5. c3 e6 6. Nbd2 Bd6 7. dxc5 Bxc5 8. Bd3 0-0 9. 0-0 Re8 10. Bg3 e5 11. e4 d4 12. Nb3 Bd6 13. Rc1 dxc3 14. Rxc3 h6 15. Qe2 Qb6 16. Rd1 Rd8 17. Bc4 Bg4 18. h3 Bh5 19. Bh4 g5 20. Bg3 Rac8 21. h4 g4 22. Nh2 a5 23. Bb5 Bb4 24. Rcd3 Rxd3 25. Rxd3 Kh7 26. a4 Ne7 27. Bxe5 g3 28. Nf3 Qxf2+ 29. Qxf2 gxf2+ 30. Kxf2 Nxe4+ 31. Ke3 Nd6 32. Bxd6 Nf5+ 33. Kf4 Nxd6 34. Rd5 f5 35. Ne5 Rc2 36. Nd3 Re2 37. Nxb4 Re4+ 38. Kg3 Re3+ 39. Kh2 Rxb3 1/2-1/2

[Event "FICGS rapid M 000052 email"]
[Site "FICGS email"]
[Date "2012.03.22"]
[Round "1"]
[White "Puzanov, Vasyl"]
[Black "Cookson, Timothy"]
[Result "1/2-1/2"]
[WhiteElo "2140"]
[BlackElo "2148"]
[PlyCount "27"]
[EventDate "2012.??.??"]
[EventType "tourn (rapid)"]
[EventRounds "6"]
[SourceTitle "Corr 2022"]
[Source "ChessBase"]
[SourceDate "2021.10.24"]
[SourceVersion "1"]
[SourceVersionDate "2021.10.24"]
[SourceQuality "1"]

1. e4 e5 2. Nf3 Nf6 3. Nc3 Nc6 4. Bb5 Nd4 5. Nxd4 exd4 6. e5 dxc3 7. exf6 Qxf6 8. dxc3 Bc5 9. Qe2+ Qe6 10. Qxe6+ fxe6 11. 0-0 0-0 12. Be3 b6 13. Bxc5 bxc5 14. Bd3 1/2-1/2

[Event "FICGS class A 000112 email"]
[Site "FICGS email"]
[Date "2011.12.04"]
[Round "1"]
[White "Cookson, Timothy"]
[Black "Panov, Dmitriy"]
[Result "1/2-1/2"]
[WhiteElo "2086"]
[BlackElo "2037"]
[PlyCount "85"]
[EventDate "2011.??.??"]
[EventType "simul (corr)"]
[EventRounds "3"]
[SourceTitle "Corr 2022"]
[Source "ChessBase"]
[SourceDate "2021.10.24"]
[SourceVersion "1"]
[SourceVersionDate "2021.10.24"]
[SourceQuality "1"]

1. e4 c5 2. Nf3 d6 3. d4 cxd4 4. Nxd4 Nf6 5. Nc3 a6 6. Be2 e5 7. Nb3 Be7 8. Be3 Be6 9. Qd3 Nc6 10. a3 0-0 11. 0-0 Rc8 12. Rac1 h6 13. Rfd1 Na5 14. Nxa5 Qxa5 15. Nd5 Nxd5 16. exd5 Bd7 17. b4 Qd8 18. c4 Ba4 19. Re1 f5 20. c5 dxc5 21. Bxc5 e4 22. Qg3 Qd7 23. h4 Kh7 24. d6 Bf6 25. Bd1 Bc6 26. Bh5 Kh8 27. Be3 Qd8 28. Red1 Bxh4 29. Qh3 Rb8 30. d7 Bg5 31. Rc5 Bxe3 32. fxe3 Qg5 33. Be8 Rd8 34. a4 Bxa4 35. Rdd5 Kg8 36. Rc8 Bxd7 37. Rxd8 Bxe8 38. Rb8 Qf6 39. Rdd8 Qe7 40. Qg3 f4 41. exf4 e3 42. Rd3 Bc6 43. Rxf8+ 1/2-1/2

[Event "FICGS class A 000112 email"]
[Site "FICGS email"]
[Date "2011.12.04"]
[Round "1"]
[White "Cookson, Timothy"]
[Black "Pilipchuk, Andrey"]
[Result "1/2-1/2"]
[WhiteElo "2086"]
[BlackElo "2030"]
[PlyCount "105"]
[EventDate "2011.??.??"]
[EventType "simul (corr)"]
[EventRounds "3"]
[SourceTitle "Corr 2022"]
[Source "ChessBase"]
[SourceDate "2021.10.24"]
[SourceVersion "1"]
[SourceVersionDate "2021.10.24"]
[SourceQuality "1"]

1. e4 c5 2. Nf3 Nc6 3. d4 cxd4 4. Nxd4 Nf6 5. Nc3 e5 6. Ndb5 d6 7. Bg5 a6 8. Na3 b5 9. Nd5 Be7 10. Bxf6 Bxf6 11. c3 Bg5 12. Nc2 0-0 13. a4 bxa4 14. Rxa4 a5 15. Bc4 Rb8 16. b3 Kh8 17. Nce3 g6 18. 0-0 f5 19. Qf3 fxe4 20. Qxe4 Be6 21. Rd1 Qd7 22. Ra2 Qb7 23. f3 Bd8 24. Kh1 Qd7 25. Qd3 Bg5 26. Qe2 Bd8 27. Ng4 Bxg4 28. fxg4 Qg7 29. Rf1 Ne7 30. Raa1 Nxd5 31. Rxf8+ Qxf8 32. Bxd5 Bb6 33. Rf1 Qh6 34. Qf3 Bd8 35. Bc4 Be7 36. Qf7 Qg5 37. Qe6 e4 38. Qxe4 Rf8 39. Re1 Bf6 40. Re3 Be5 41. g3 Qf6 42. Qd3 Qf2 43. Qe2 Kg7 44. g5 Qxe2 45. Bxe2 Rc8 46. c4 Rf8 47. h4 Rf2 48. c5 Bd4 49. Re7+ Kf8 50. cxd6 Bc5 51. Bc4 Bxd6 52. Re3 Rd2 53. Rf3+ 1/2-1/2

[Event "FICGS rapid A 000118 email"]
[Site "FICGS email"]
[Date "2011.11.24"]
[Round "1"]
[White "Skwarczylo, Marek"]
[Black "Cookson, Timothy"]
[Result "1/2-1/2"]
[WhiteElo "1990"]
[BlackElo "2086"]
[PlyCount "80"]
[EventDate "2011.??.??"]
[EventType "tourn (rapid)"]
[EventRounds "2"]
[SourceTitle "Corr 2022"]
[Source "ChessBase"]
[SourceDate "2021.10.24"]
[SourceVersion "1"]
[SourceVersionDate "2021.10.24"]
[SourceQuality "1"]

1. d4 d5 2. Nf3 Nf6 3. c4 c6 4. e3 e6 5. Nc3 Nbd7 6. Bd3 dxc4 7. Bxc4 b5 8. Bd3 Bb7 9. e4 b4 10. Na4 c5 11. e5 Nd5 12. 0-0 cxd4 13. Re1 g6 14. Bg5 Qa5 15. Nxd4 a6 16. a3 bxa3 17. bxa3 Bg7 18. Bd2 Qd8 19. Rb1 Rb8 20. f4 0-0 21. Be4 Ba8 22. Bb4 Nxb4 23. axb4 Nb6 24. Nc5 Nd5 25. Qd2 a5 26. b5 Re8 27. Ra1 Bf8 28. Na6 Bb4 29. Nxb4 Nxb4 30. Qf2 Bxe4 31. Rxe4 Qd5 32. Re2 Red8 33. Rd2 Qc4 34. Rad1 Rd5 35. h4 a4 36. Qe3 Qc5 37. Qa3 Rxb5 38. Qxa4 Rb8 39. Kh2 Rbd8 40. Qa1 h5 1/2-1/2